<?xml version="1.0" encoding="UTF-8"?>
<record
    xmlns:xsi="http://www.w3.org/2001/XMLSchema-instance"
    xsi:schemaLocation="http://www.loc.gov/MARC21/slim http://www.loc.gov/standards/marcxml/schema/MARC21slim.xsd"
    xmlns="http://www.loc.gov/MARC21/slim">

  <leader>02532nam a22004334i 4500</leader>
  <controlfield tag="003">PE-LiUPU</controlfield>
  <controlfield tag="005">20260325091412.0</controlfield>
  <controlfield tag="008">100301s2010    pe a     b    000 0 spa d</controlfield>
  <datafield tag="035" ind1=" " ind2=" ">
    <subfield code="a">PE-LiUPU000017</subfield>
  </datafield>
  <datafield tag="040" ind1=" " ind2=" ">
    <subfield code="a">PE-LiUPU</subfield>
    <subfield code="b">spa</subfield>
    <subfield code="c">PE-LiUPU</subfield>
    <subfield code="e">rda</subfield>
  </datafield>
  <datafield tag="041" ind1="0" ind2=" ">
    <subfield code="a">spa</subfield>
  </datafield>
  <datafield tag="082" ind1="0" ind2="4">
    <subfield code="a">323.4</subfield>
    <subfield code="b">P471a</subfield>
    <subfield code="2">TP</subfield>
  </datafield>
  <datafield tag="110" ind1=" " ind2=" ">
    <subfield code="a">Per&#xFA;.</subfield>
    <subfield code="b">Defensor&#xED;a del Pueblo.</subfield>
    <subfield code="b">Adjunt&#xED;a para la Ni&#xF1;ez y la Adolescencia.</subfield>
    <subfield code="e">autor.</subfield>
    <subfield code="9">8200</subfield>
  </datafield>
  <datafield tag="245" ind1="1" ind2="0">
    <subfield code="a">Actuaciones defensoriales en el marco del conflicto de Bagua :</subfield>
    <subfield code="b">Informe de la Defensora del Pueblo a la Comisi&#xF3;n del Congreso de la Rep&#xFA;blica que investiga los sucesos de Bagua, aleda&#xF1;os y otros /</subfield>
    <subfield code="c">Edici&#xF3;n del texto a cargo de Mario Razzeto.</subfield>
  </datafield>
  <datafield tag="264" ind1=" " ind2="1">
    <subfield code="a">Lima :</subfield>
    <subfield code="b">Defensor&#xED;a del Pueblo,</subfield>
    <subfield code="c">2010.</subfield>
  </datafield>
  <datafield tag="300" ind1=" " ind2=" ">
    <subfield code="a">57 p&#xE1;ginas ;</subfield>
    <subfield code="c">28 cm</subfield>
  </datafield>
  <datafield tag="336" ind1=" " ind2=" ">
    <subfield code="a">text</subfield>
    <subfield code="2">rdacontent</subfield>
  </datafield>
  <datafield tag="337" ind1=" " ind2=" ">
    <subfield code="a">unmediated</subfield>
    <subfield code="2">rdamedia</subfield>
  </datafield>
  <datafield tag="338" ind1=" " ind2=" ">
    <subfield code="a">volume</subfield>
    <subfield code="2">rdacarrier</subfield>
  </datafield>
  <datafield tag="490" ind1="0" ind2=" ">
    <subfield code="a">Serie documentos defensoriales ;</subfield>
    <subfield code="v">Documento N&#xB0; 10</subfield>
  </datafield>
  <datafield tag="500" ind1=" " ind2=" ">
    <subfield code="a">Primera edici&#xF3;n.</subfield>
  </datafield>
  <datafield tag="500" ind1=" " ind2=" ">
    <subfield code="a">Tiraje de 800 ejemplares.</subfield>
  </datafield>
  <datafield tag="500" ind1=" " ind2=" ">
    <subfield code="a">Hecho el dep&#xF3;sito legal en la Biblioteca Nacional del Per&#xFA; N&#xB0; 2010-03931.</subfield>
  </datafield>
  <datafield tag="500" ind1=" " ind2=" ">
    <subfield code="a">Informe presentado por la Defensora del Pueblo, Beatriz Merino, a la Comisi&#xF3;n Investigadora Multipartidaria del Congreso de la Rep&#xFA;blica.</subfield>
  </datafield>
  <datafield tag="500" ind1=" " ind2=" ">
    <subfield code="a">Edici&#xF3;n del texto a cargo de Mario Razzeto.</subfield>
  </datafield>
  <datafield tag="500" ind1=" " ind2=" ">
    <subfield code="a">Dise&#xF1;o, diagramaci&#xF3;n y producci&#xF3;n gr&#xE1;fica: GMC Digital S.A.C.</subfield>
  </datafield>
  <datafield tag="504" ind1=" " ind2=" ">
    <subfield code="a">Incluye referencias.</subfield>
  </datafield>
  <datafield tag="505" ind1="0" ind2=" ">
    <subfield code="a">Declaraci&#xF3;n contra la violencia -- Marco de la intervenci&#xF3;n defensorial -- Contexto de las actuaciones defensoriales frente al conflicto -- Antes del cinco de junio -- Surgimiento del conflicto -- Primer escalamiento hacia la violencia y crisis -- Desescalamiento y proceso de di&#xE1;logo -- Segundo escalamiento hacia la violencia -- Durante el cinco y seis de junio -- El conflicto en su fase cr&#xED;tica -- Despu&#xE9;s de la crisis -- Desescalamiento y proceso de di&#xE1;logo.</subfield>
  </datafield>
  <datafield tag="546" ind1=" " ind2=" ">
    <subfield code="a">Texto en espa&#xF1;ol.</subfield>
  </datafield>
  <datafield tag="610" ind1="1" ind2="4">
    <subfield code="a">Per&#xFA;.</subfield>
    <subfield code="b">Defensor&#xED;a del Pueblo</subfield>
    <subfield code="x">Informes.</subfield>
  </datafield>
  <datafield tag="650" ind1="2" ind2="8">
    <subfield code="a">Conflicto de Bagua (Per&#xFA;), 2009</subfield>
    <subfield code="v">Cronolog&#xED;a</subfield>
    <subfield code="9">8201</subfield>
  </datafield>
  <datafield tag="650" ind1="2" ind2="8">
    <subfield code="a">Conflicto de Bagua (Per&#xFA;), 2009</subfield>
    <subfield code="v">Opini&#xF3;n p&#xFA;blica</subfield>
    <subfield code="9">8201</subfield>
  </datafield>
  <datafield tag="650" ind1="2" ind2="8">
    <subfield code="a">Conflicto social</subfield>
    <subfield code="z">Per&#xFA;</subfield>
    <subfield code="z">Amazonas</subfield>
    <subfield code="9">8202</subfield>
  </datafield>
  <datafield tag="650" ind1="2" ind2="8">
    <subfield code="a">Investigaci&#xF3;n criminal</subfield>
    <subfield code="z">Per&#xFA;</subfield>
    <subfield code="z">Amazonas</subfield>
    <subfield code="9">2818</subfield>
    <subfield code="y">2009</subfield>
  </datafield>
  <datafield tag="700" ind1=" " ind2=" ">
    <subfield code="a">Merino Lucero, Beatriz,</subfield>
    <subfield code="d">1947-</subfield>
    <subfield code="e">presentadora.</subfield>
    <subfield code="9">8203</subfield>
  </datafield>
  <datafield tag="710" ind1=" " ind2=" ">
    <subfield code="a">Per&#xFA;.</subfield>
    <subfield code="b">Congreso de la republica.</subfield>
    <subfield code="e">editor.</subfield>
    <subfield code="9">7917</subfield>
  </datafield>
  <datafield tag="942" ind1=" " ind2=" ">
    <subfield code="2">ddc</subfield>
    <subfield code="c">BK</subfield>
  </datafield>
  <datafield tag="980" ind1=" " ind2=" ">
    <subfield code="6">18228</subfield>
    <subfield code="a">Rebeca Esther Huerta Leyton</subfield>
    <subfield code="8">18226</subfield>
    <subfield code="g">Jaime Vilcaz&#xE1;n Jefe de An&#xE1;lisis Documental</subfield>
  </datafield>
  <datafield tag="999" ind1=" " ind2=" ">
    <subfield code="c">63341</subfield>
    <subfield code="d">63340</subfield>
  </datafield>
  <datafield tag="952" ind1=" " ind2=" ">
    <subfield code="r">2026-03-31 16:36:32</subfield>
    <subfield code="l">0</subfield>
    <subfield code="o">323.4 P471a</subfield>
    <subfield code="p">83146</subfield>
    <subfield code="t">e1</subfield>
    <subfield code="v">30.00</subfield>
    <subfield code="w">2026-03-24</subfield>
    <subfield code="x">FACIHED</subfield>
    <subfield code="y">BK</subfield>
    <subfield code="1">0</subfield>
    <subfield code="2">ddc</subfield>
    <subfield code="5">0</subfield>
    <subfield code="7">0</subfield>
    <subfield code="8">GEN</subfield>
    <subfield code="f">P143</subfield>
    <subfield code="a">BUL</subfield>
    <subfield code="b">BUL</subfield>
    <subfield code="c">GEN</subfield>
    <subfield code="d">2026-02-12</subfield>
    <subfield code="e">Donaci&#xF3;n, Jhon Eden Rosario Campos</subfield>
  </datafield>
</record>
